Мир как пространство и время

Bibliografske podrobnosti
Glavni avtor: Фридман А. А. Александр Александрович
Izvleček:Настоящая книга принадлежит перу выдающегося отечественного ученого Александра Александровича Фридмана (1888-1925). Это первое на русском языке популярное изложение теории относительности, написанное более 80 лет назад. За это время появилось много популярных и непопулярных работ о теории А. Эйнштейна, но книга А. А. Фридмана и в наше время не утратила своей ценности. Книга с интересом и пользой будет прочитана физиками, философами, методологами науки, всеми, кто изучает физику и ее историю.
Jezik:ruščina
Izdano: Москва, Либроком, 2009
Izdaja:5-е изд.
Teme:
Format: Knjiga
KOHA link:https://koha.lib.tpu.ru/cgi-bin/koha/opac-detail.pl?biblionumber=170133

MARC

LEADER 00000nam0a2200000 4500
001 170133
005 20231101222853.0
010 |a 9785397004602 
035 |a (RuTPU)RU\TPU\book\184509 
090 |a 170133 
100 |a 20091120d2009 k y0rusy50 ca 
101 0 |a rus 
102 |a RU 
105 |a a z 000zy 
200 1 |a Мир как пространство и время  |f А. А. Фридман 
205 |a 5-е изд. 
210 |a Москва  |c Либроком  |d 2009 
215 |a 112 с. 
330 |a Настоящая книга принадлежит перу выдающегося отечественного ученого Александра Александровича Фридмана (1888-1925). Это первое на русском языке популярное изложение теории относительности, написанное более 80 лет назад. За это время появилось много популярных и непопулярных работ о теории А. Эйнштейна, но книга А. А. Фридмана и в наше время не утратила своей ценности. Книга с интересом и пользой будет прочитана физиками, философами, методологами науки, всеми, кто изучает физику и ее историю. 
606 1 |a Пространство и время  |x Физика  |2 stltpush  |3 (RuTPU)RU\TPU\subj\52844  |9 71233 
610 1 |a измерение 
610 1 |a арифметизация 
610 1 |a кривизна 
610 1 |a движение 
610 1 |a тяготение 
610 1 |a материя 
610 1 |a механика 
610 1 |a Вселенная 
610 1 |a физика 
610 1 |a история 
675 |a 530.12  |v 3 
700 1 |a Фридман  |b А. А.  |g Александр Александрович 
801 1 |a RU  |b 63413507  |c 20091120 
801 2 |a RU  |b 63413507  |c 20091130  |g RCR 
942 |c BK